Statistiques concernant Villes fondées par les Romains

Cliquez ici pour prendre le quiz!

Statistiques générales

  • Ce quiz a été pris 66 fois
  • Le résultat moyen est 23 sur 165

Statistiques - réponses

Date de FondationVillesLes Pays ModernePopulation en 2020% Correct
753 avant JCRomeItalie2.873 m
98%
43 apres JCLondresRoyaume-Uni8.982 m
78%
43 avant JCLyonFrance513,275
77%
52 avant JCParisFrance2.161 m
73%
1er s. avant JCBarceloneEspagne1.62 m
72%
28 avant JCTurinItalie886,837
70%
421 apres JCVeniseItalie261,905
65%
49 avant JCSevilleEspagne688,711
60%
59 avant JCFlorenceItalie382,258
57%
189 avant JCBologneItalie388,367
53%
79 apres JCManchesterRoyaume-Uni553,230
53%
1er s. apres JCZagrebCroatie806,341
53%
138 avant JCValenceEspagne791,413
52%
89 apres JCVienneAutriche1.897 m
52%
103 apres JCBudapestHongrie1.756 m
50%
50 apres JCCologneAllemagne1.086 m
50%
150 apres JCAalenAllemagne66,000
47%
12 avant JCStrasbourgFrance277,270
47%
330 apres JCIstanbulTurquie15.46 m
43%
15 avant JCZurichSuisse402,762
43%
1er s. apres JCAix-la-ChapelleAllemagne245,885
38%
1er s. apres JCLeedsRoyaume-Uni792,525
38%
27 avant JCSofiaBulgarie1.236 m
38%
83 apres JCFrancfort-sur-le-MainAllemagne753,056
37%
14 avant JCSaragosseEspagne666,880
37%
7e s. apres JCDubrovnikCroatie42,615
33%
15 apres JCLjubljanaSlovenie279,631
33%
50 apres JCDouvresRoyaume-Uni113 100
32%
120 apres JCNewcastle Upon TyneRoyaume-Uni322,278
32%
15 avant JCSalzbourgAutriche152,367
28%
71 apres JCYorkRoyaume-Uni210,618
28%
131 apres JCJerusalemIsrael874,186
27%
11 avant JCBonnAllemagne327,258
25%
20 avant JCBragaPortugal136,885
25%
85 apres JCBratislavaSlovaquie424,428
25%
169 avant JCCordoueEspagne325,708
25%
118 avant JCNarbonneFrance53,462
25%
74 avant JCPampeluneEspagne199,066
25%
90 apres JCStuttgartAllemagne634,830
25%
1er s. avant JCLausanneSuisse137,810
23%
1er s. avant JCMetzFrance117,492
22%
273 apres JCOrleansFrance114,644
22%
1er s. avant JCAmiensFrance132,874
20%
58 avant JCBesanconFrance116,676
20%
1er s. apres JCLinzAutriche203,012
20%
47 apres JCUtrechtPays-Bas1.307 m
20%
218 avant JCTarragoneEspagne132,299
17%
60 apres JCBathRoyaume-Uni88,859
15%
73 avant JCNisSerbie185,987
15%
30 avant JCTrevesAllemagne110,636
15%
70 apres JCCambridgeRoyaume-Uni123,900
13%
1er s. apres JCCoimbraPortugal105,842
13%
123 avant JCPalma de MajorqueEspagne409,661
13%
25 avant JCAosteItalie34,361
12%
50 apres JCLeicesterRoyaume-Uni357,394
12%
29-19 avant JCLeonEspagne124,772
12%
1er s. apres JCMaastrichtPays-Bas122,397
10%
13-12 avant JCMayenceAllemagne217,118
10%
15 avant JCAugsbourgAllemagne295,135
8%
1er s. avant JCBeauvaisFrance54,881
8%
9 avant JCCoblenceAllemagne114,024
8%
55 apres JCExeterRoyaume-Uni128,900
8%
97 apres JCGloucesterRoyaume-Uni129,128
8%
268 avant JCRiminiItalie148,908
8%
107 apres JCAlba IuliaRoumanie74,000
7%
98 apres JCHeidelbergAllemagne160,355
7%
25 avant JCMeridaEspagne57,797
7%
1er s. apres JCBadenSuisse17,641
5%
168 avant JCKotorMontenegro13,510
5%
2e s. avant JCMassaItalie69,226
5%
1er s. avant JCNimeguePays-Bas170,681
5%
9 apres JCOsijekCroatie108,048
5%
1er s. apres JCPulaCroatie56,540
5%
6 apres JCWiesbadenAllemagne278,342
5%
16 apres JCAvenchesSuisse2,993
3%
1er s. avant JCAvilaEspagne57,657
3%
210 apres JCBaden-BadenAllemagne55,123
3%
15 avant JCBolzanoItalie106,951
3%
25 avant JCCaceresEspagne96,068
3%
25-13 avant JCCesareeIsrael5,343
3%
44 avant JCNyonSuisse18,269
3%
218 avant JCPlaisanceItalie102,355
3%
197 avant JCSalerneItalie134,850
3%
2e s. apres JCTlemcenAlgerie377,400
3%
44 avant JCAoutSuisse1,024
2%
181 avant JCAquileeItalie3,322
2%
2e s. apre JCBoulogne-sur-MerFrance42,366
2%
70 apres JCCirencesterRoyaume-Uni19,000
2%
43-49 apres JCColchesterRoyaume-Uni121,859
2%
188 avant JCForliItalie117,946
2%
60 apres JCIlchesterRoyaume-Uni2,153
2%
3e s. avant JCMonzaItalie122,813
2%
16 avant JCNeussAllemagne155,414
2%
1er s. apres JCPassauAllemagne52,469
2%
2e s. apres JCPrizrenKosovo85,119
2%
179 apres JCRatisbonneAllemagne152,610
2%
187 avant JCReggio EmiliaItalie171,491
2%
6 apres JCRemagenAllemagne17,032
2%
98 apres JCRottenburgAllemagne42,655
2%
206 avant JCSantiponceEspagne8,442
2%
70 apres JCSilchesterRoyaume-Uni921
2%
30 avant JCSlavonski BrodCroatie59,141
2%
1er s. apres JCSolinCroatie23,926
2%
14 avant JCSremska MitrovicaSerbie37,751
2%
50 avant JCTongresBelgique31,032
2%
14 avant JCWormsAllemagne83,542
2%
15 avant JCXantenAllemagne21,572
2%
62 avant JCA CorunaEspagne244,850
0%
1er s. apres JCAlcala de HenaresEspagne193,751
0%
43 apres JCAlphen aan den RijnPays-Bas110,986
0%
14 avant JCAstorgaEspagne11,029
0%
220 avant JCBellunoItalie35,876
0%
79 apres JCBinchesterRoyaume-Uni271
0%
74 apres JCCaerleonRoyaume-Uni7,801
0%
43 apres JCCantorberyRoyaume-Uni43,432
0%
72 apres JCCarlisleRoyaume-Uni108,387
0%
75 apres JCCarmarthenRoyaume-Uni13,760
0%
74 apres JCCastlefordRoyaume-Uni40,210
0%
70 apres JCChesterRoyaume-Uni79,645
0%
42 apres JCCitlukCroatie488
0%
85 apres JCCorbridgeRoyaume-Uni3,672
0%
50 apres JCDoncasterRoyaume-Uni109,805
0%
60 apres JCDorchesterRoyaume-Uni124,489
0%
50 apres JCDunstableRoyaume-Uni36,253
0%
125 apres JCEdirneTurquie185,408
0%
77 avant JCGironaEspagne100,266
0%
120 apres JCGodmanchesterRoyaume-Uni5,500
0%
1er s. apres JCHeerlenPays-Bas86,832
0%
79 apres JCIlkleyRoyaume-Uni14,809
0%
41 apres JCKatwijkPays-Bas13,700
0%
46 apres JCKostolacSerbie9,569
0%
40 apres JCLadenburgAllemagne11,552
0%
47 apres JCLeidenPays-Bas121,562
0%
48 apres JCLincolnRoyaume-Uni97,541
0%
25 avant JCLugoEspagne98,025
0%
1er s. apres JCLympneRoyaume-Uni2,004
0%
55 apres JCMonmouthRoyaume-Uni10,508
0%
60 apres JCMosonmagyarovarHongrie33,954
0%
80 apres JCMusselburghRoyaume-Uni20,840
0%
70 apres JCNorthwichRoyaume-Uni100,700
0%
2e s. avant JCPistoiaItalie90,205
0%
136 avant JCPovoa de VarzimPortugal63,408
0%
43 apres JCReculverRoyaume-Uni8,845
0%
43 apres JCRichboroughRoyaume-Uni0
0%
73 apres JCRottweilAllemagne24,378
0%
138 avant JCSantaremPortugal61,752
0%
1er s. apres JCSatanderEspagne172,044
0%
35 avant JCSisakCroatie47,768
0%
70 apres JCSouthamtponRoyaume-Uni254,361
0%
10 avant JCSpeyerAllemagne50,378
0%
50 apres JCSt. AlbansRoyaume-Uni147,373
0%
14 avant JCStraubingAllemagne47,794
0%
50 apres JCSwindonRoyaume-Uni221,996
0%
2e s. apres JCSzegedHongrie161,879
0%
1er s. apres JCTowcesterRoyaume-Uni9,252
0%
39 apres JCValkenburgPays-Bas16,470
0%
1er s. apres JCVinkovciCroatie35,312
0%
47 apres JCVoorburgPays-Bas75,425
0%
15 avant JCWelsAutriche61,233
0%
52 apres JCWhitchurchRoyaume-Uni10,100
0%
70 apres JCWinchesterRoyaume-Uni124,295
0%
15 apres JCWindischSuisse6,658
0%
43 apres JCWoerdenPays-Bas52,197
0%
58 apres JCWroxeterRoyaume-Uni0
0%
47 apres JCZwammerdanPays-Bas1,986
0%

Distribution des résultats

Percentile par nombre de réponses

% des personnes avec chaque résultat

Votre développement - résultats

Vous n’avez pas pris ce quiz